000 00577nam a22001817i 4500
020 _a9712324516
050 1 4 _aLB 1583
_bS129
100 _aSagmit, Rosario S.
245 _aGeography in the changing world
_cRosario S. Sagmit, Nora N. Soriano
264 1 _aManila:
_bRex publishing,
_c1998.
300 _axi, 204 pages;
_c28 cm.
336 _atext
_btxt
_2rdacontent
337 _aunmediated
_bn
_2rdamedia
338 _avolume
_bnc
_2rdacarrier
650 _a1.Geography--Study and teaching (Higher) .
650 _a2.Geogrphy--Textbooks. I.Soriano, Nora N. II.Title
942 _cF
999 _c4017
_d4017